| 000 | 00439nam a2200145Ia 4500 | ||
|---|---|---|---|
| 041 | _aKurdish | ||
| 082 | _a264.15 cut-989 ك | ||
| 100 | _a20260118u\\\\\\\\\\\y0engy0103\\\\ba | ||
| 100 | _aکاوە ب.محەمەد ئەمین | ||
| 245 | 0 | _aتاوانە سێکسییەکان لە قانونى سزاى سویدیدا | |
| 250 | _aچ1 | ||
| 260 |
_bچاپخانە رۆشنبیرى _aهەوڵیر _c2013 |
||
| 300 | _a224 | ||
| 942 | _cBk | ||
| 999 |
_c189788 _d189788 |
||